BFDI - Name All of Ruby's Sisters Quiz (Hard) - Statistics

General Stats
  • This quiz has been taken 124 times
  • The average score is 11 of 35
Answer Stats
Answer % Correct
Poo
87%
Emerald
72%
Diamond
70%
Sapphire
67%
Gold
61%
Amethyst
52%
Obsidian
46%
Amber
42%
Glass
37%
Topaz
37%
Quartz
36%
Turquoise
36%
Jade
34%
Jasper
31%
Lapis Lazuli
30%
Ivory
28%
Ammolite
27%
Coral
27%
Garnet
25%
Opal
25%
Aquamarine
22%
Benitoite
22%
Feldspar
21%
Iolite
21%
Pearl
21%
Peridot
21%
Pyrite
19%
Axinite
18%
Chrysoberyl
16%
Variscite
16%
Dioptase
13%
Hematite
13%
Malachite
13%
Fluorite
10%
Kornerupine
9%
No matching quizzes found
Score Distribution
Percent of People with Each Score
Percentile by Number Answered
Your Score History
You have not taken this quiz